000 04024cam a22006857a 4500
001 000003906
003 CHAP
005 20220329133238.0
008 971013m1986 spa r 00110 mx d
010 _a3857
011 _a4829
035 _a4033
040 _cCHAP
082 0 4 _a317.2
_bM4 Zac.
110 2 _aInstituto Nacional de Estadística, Geografía e Informática. México
_959304
245 1 0 _aAnuario estadístico del estado de Zacatecas /
_c/por Instituto Nacional de Estadística, Geografía e Informática.
260 _aMéxico, D. F. :
_bInstituto Nacional de Estadística, Geografía e Informática,
_c1986--.
500 _ac. de : Manual de estadísticas básicas
500 _aLa biblioteca tiene: 1985 (2v.), 1990, 1993, 1994, 1995, 1996, 1997, 1998, 1999, 2002, 2003, 2004, 2005, 2006, 2007, 2008, 2009, 2010, 2011, 2012
590 _aBATCH-UPD
_b10
_c20130110
_lUCH01
_h0138
590 _aBATCH-UPD
_b10
_c20130110
_lUCH01
_h1711
590 _aBATCH-UPD
_b10
_c20130409
_lUCH01
_h2136
590 _aBATCH-UPD
_b10
_c20130410
_lUCH01
_h1057
590 _aBATCH-UPD
_b10
_c20130913
_lUCH01
_h2044
590 _aCONVERSION
_b10
_c20130109
_lUCH01
_h1303
590 _aE5995AHE
_b05
_c20131107
_lUCH01
_h1019
650 1 4 _aAgricultura
_xEstadísticas
_zZacatecas.
_91473
650 1 4 _aGanadería
_xEstadísticas
_zZacatecas.
_944732
650 1 4 _aZacatecas
_xEstadísticas.
_9123407
901 _aBK
942 _cLIBRO
942 _n0
949 _a317.2 M4 Zac.
_bBC
_cINEGI
_d-143313
_eINEGI
_f1995
_h90265
_i4033
_mD
_si
949 _a317.2 M4 Zac.
_bBC
_cINEGI
_d33724000280483
_eINEGI
_f1985 v.2
_gI.c/e
_h69431
_i4033
_si
949 _a317.2 M4 Zac.
_bBC
_cINEGI
_d33724000280806
_eINEGI
_f1985 v.1
_gI.132837
_h69430
_i4033
_si
949 _a317.2 M4 Zac.
_bBC
_cINEGI
_d33724000487088
_eINEGI
_f1990
_gI.c/e
_h80962
_i4033
_si
_t14.88
949 _a317.2 M4 Zac.
_bBC
_cINEGI
_d33724000592259
_eINEGI
_f1997
_gI. c/e
_h92791
_i4033
_sb
949 _a317.2 M4 Zac.
_bBC
_cINEGI
_d33724000593505
_eINEGI
_f1996 c.2
_h92858
_i4033
_sb
949 _a317.2 M4 Zac.
_bBC
_cINEGI
_d33724000626131
_eINEGI
_f1996
_h91422
_i4033
_si
_t72.00
949 _a317.2 M4 Zac.
_bBC
_cINEGI
_d33724000665709
_eINEGI
_f1993 c.2
_gI.c/e
_h85194
_i4033
_si
949 _a317.2 M4 Zac.
_bBC
_cINEGI
_d33724000667192
_eINEGI
_f1993
_gI.c/e
_h85193
_i4033
_si
949 _a317.2 M4 Zac.
_bBC
_cINEGI
_d33724000700860
_eINEGI
_f1997 c.2
_h93854
_i4033
_sb
949 _a317.2 M4 Zac.
_bBC
_cINEGI
_d33724000712675
_eINEGI
_f1998
_h94590
_i4033
_sb
949 _a317.2 M4 Zac.
_bBC
_cINEGI
_d33724000717211
_eINEGI
_f1998 c.2
_gI.197894
_h95190
_i4033
_sb
_t95.00
949 _a317.2 M4 Zac.
_bBC
_cINEGI
_d33724000749628
_eINEGI
_f1994
_gI. c/e
_h88801
_i4033
_sb
_t42.00
949 _a317.2 M4 Zac.
_bBC
_cINEGI
_d33724000787404
_eINEGI
_f1999
_h98879
_i4033
_sb
949 _a317.2 M4 Zac.
_bBC
_cINEGI
_d33724000790788
_eINEGI
_f2000
_h99345
_i4033
_kDonaciØn
_sb
949 _a317.2 M4 Zac.
_bBC
_cINEGI
_d33724000841516
_eINEGI
_f1995 c.2
_gDonaciØn
_h100793
_i4033
_sb
949 _a317.2 M4 Zac.
_bBC
_cINEGI
_d33724000849303
_eINEGI
_f2001
_gDonaciØn
_h102795
_i4033
_sb
949 _a317.2 M4 Zac.
_bBC
_cINEGI
_d33724000887998
_eINEGI
_f2002
_h103508
_i4033
_sb
949 _a317.2 M4 Zac.
_bBC
_cINEGI
_d33724000912267
_eINEGI
_f2003
_gDonaciØn
_h104399
_i4033
_sb
949 _a317.2 M4 Zac.
_bBC
_cINEGI
_d33724000949111
_eINEGI
_f2004
_gDonaciØn
_h105601
_i4033
_sb
949 _a317.2 M4 Zac.
_bBC
_cINEGI
_d33724000981320
_eINEGI
_f2005
_gDonaciØn
_h107844
_i4033
_sb
949 _a317.2 M4 Zac.
_bBC
_cINEGI
_d33724002030446
_eINEGI
_f2006
_gDonaciØn
_h108588
_i4033
_sb
949 _a317.2 M4 Zac.
_bBC
_cINEGI
_d33724002058462
_eINEGI
_f2011
_gDonaciØn
_h116713
_i4033
_sb
949 _a317.2 M4 Zac.
_bBC
_cINEGI
_d33724002065173
_eINEGI
_f2007
_gDonaciØn
_h109718
_i4033
_sb
949 _a317.2 M4 Zac.
_bBC
_cINEGI
_d33724002095264
_eINEGI
_f2008
_gDonaciØn
_h111786
_i4033
_sb
949 _a317.2 M4 Zac.
_bBC
_cINEGI
_d33724002137439
_eINEGI
_f2009
_gDonaciØn
_h113250
_i4033
_sb
949 _a317.2 M4 Zac.
_bBC
_cINEGI
_d33724002229678
_eINEGI
_f2010
_gDonaciØn
_h114026
_i4033
_sb
999 _c3857
_d3857